000
00306nam a2200145Ia 4500
100
_a
Vazirani/V.N
490
_v
1
942
_c
BK
654
_a
analysis
245
_a
Analysis of structures
260
_b
Khanna publishers
_a
Delhi
_c
1985
082
_a
624.171
_b
VAZ
300
_a
701
546
_a
ENGLISH
999
_c
24745
_d
24745